Religion Quiz

Random Religion or Church Quiz

Seven Churches in Revelation Quiz Stats

 Plays Quiz Updated Mar 12, 2020

Support Sporcle.
Go Orange.
Score 0/7 Timer 03:00
0 Plays Today
% Correct
Ephesus
78.1%
Philadelphia
69.6%
Laodicea
53.2%
Smyrna
52.7%
Sardis
45.4%
Pergamum
41.4%
Thyatira
38.9%

From the Vault

LogiCrossword: Numbers 1-10 in Spanish

by El_Dandy

We only know how to ask where the library is. Don't look at us for help.
Remove Ads.
Support Sporcle.
Get the best of Sporcle when you Go Orange. This ad-free experience offers more features, more stats, and more fun while also helping to support Sporcle. Thank you for becoming a member.

Show Comments

Extras

Top Quizzes Today


Score Distribution

Your Account Isn't Verified!

In order to create a playlist on Sporcle, you need to verify the email address you used during registration. Go to your Sporcle Settings to finish the process.

Report this User

Report this user for behavior that violates our Community Guidelines.

Details: